Zákonník práce č. 65/1965 Zb. zo 16. júna 1965 ...

Úplné znenie zákona č. 65/1965 Zb. zo 16. júna 1965 Zákonník práce v znení neskorších zákonov a zákona č. .../1999 Z.z.

Guardado en:
Detalles Bibliográficos
Formato: Capítulo de libro
Lenguaje:eslovaco
Materias:
Etiquetas: Agregar Etiqueta
Sin Etiquetas, Sea el primero en etiquetar este registro!

MARC

LEADER 00000naa a2200000 4500
001 r036638
005 20230926082115.7
041 0 |a slo 
044 |a SK 
245 1 0 |a Zákonník práce č. 65/1965 Zb. zo 16. júna 1965 ... 
520 |a Úplné znenie zákona č. 65/1965 Zb. zo 16. júna 1965 Zákonník práce v znení neskorších zákonov a zákona č. .../1999 Z.z. 
610 2 0 |a zákonník práce 
610 2 0 |a zákony 
610 2 0 |a novelizácia 
610 2 0 |a Slovensko 
610 2 0 |a 1965-1999